One Piece 2 - Statistiques

Statistiques générales
  • Ce quiz a été pris 527 fois
  • Le résultat moyen est 10 sur 15
Statistiques - réponses
Hint Réponse % Correct
Sa prime est de 1000 Berrys Chopper
96%
Vrai nom de barbe blanche Edward Newgate
95%
Quel animal porte l'île de Zo ? Elephant
90%
Nuage sauvé par Nami Zeus
87%
Mer d'origine d'Ace, Kuma ou encore Killer South Blue
80%
et quel est son nom ? Zunesh
79%
Samouraï du Pays des Wa présent sur Thriller Bark Ryuma
76%
Soeur de Sanji Reiju
73%
A lancé un Buster Call sur Enies Lobby Spandam
69%
Nom de l'île des géants Erbaf
67%
Crocodile en fût le président Baroque Works
66%
Forme permettant aux Minks de déployer toutes leurs forces les soirs de pleine lune Sulong
62%
Sosie de Sanji Duval
54%
Equipe de scientifique composé de Vegapunk, Judge ou Queen MADS
35%
Chef cuisinière du Royaume de Germa Cosette
17%
Aucun quiz correspondant
Distribution des résultats
% des personnes avec chaque résultat
Percentile par nombre de réponses
Votre historique - résultats
Vous n’avez pas pris ce quiz